Normal view
MARC view
Entry Topical Term
001 - CONTROL NUMBER
- control field: 8306
003 - CONTROL NUMBER IDENTIFIER
- control field: ARRUPE
005 - DATE AND TIME OF LATEST TRANSACTION
- control field: 20140206162708.0
008 - FIXED-LENGTH DATA ELEMENTS
- fixed length control field: 140206|| aca||aabn | a|a d
040 ## - CATALOGING SOURCE
- Original cataloging agency: ARRUPE
- Transcribing agency: ARRUPE
150 ## - HEADING--TOPICAL TERM
- Topical term or geographic name as entry element: Knowledge, Theory of.
670 ## - SOURCE DATA FOUND
- Source citation: Work cat.: (ARRUPE)0: Austin, J. L. (John Langshaw), 1911-1960. 8304, Sense and sensibilia,, [1963, c1962]